| 000 | 00881nam a2200217Ia 4500 | ||
|---|---|---|---|
| 999 |
_c40113 _d40113 |
||
| 001 | 6719 | ||
| 003 | GE_BSU | ||
| 005 | 20191216111407.0 | ||
| 008 | 181216s1992||||ge |||||||||||||| ||geo|| | ||
| 040 | _cGE_BSU | ||
| 041 | _ageo | ||
| 080 | _a821.353.1-1 გ-30 | ||
| 100 |
_aგელაშვილი, ნიკა. _95786 |
||
| 245 |
_aთავისუფლების მოლოდინში : _bლექსები / _cნიკა გელაშვილი ; რედ. დავით ახობაძე. |
||
| 264 |
_aთბილისი : _bმერანი, _c1992. |
||
| 300 |
_a102 გვ.: _bფოტო ; _c15 სმ. |
||
| 653 | _aთავისუფლების მოლოდინში | ||
| 653 | _aლექსები | ||
| 700 |
_aახობაძე, დავით _eრედაქტორი _95804 |
||
| 942 |
_cBK _2udc |
||